000 00390nam a22001217a 4500
008 230620b xxu||||| |||| 00| 0 eng d
082 _a323
_bUN
110 _bUN
_d1994
245 _aCommission on Human Rights
_bReport on the fiftienth (3 February - 12 march 1993)
_cEconomic and social council
_hSupplement No.3A
260 _aNew York and Geneva
_bUN
_c1993
300 _a118p
942 _2ddc
_cBK
999 _c1844
_d1844